Normal view
MARC view
- Dewar, George Albemarle Bertie
Entry Personal Name
001 - CONTROL NUMBER
- control field: 49622
003 - CONTROL NUMBER IDENTIFIER
- control field: NUST
005 - DATE AND TIME OF LATEST TRANSACTION
- control field: 20210314134407.0
008 - FIXED-LENGTH DATA ELEMENTS
- fixed length control field: 210314|| aca||aabn | a|a d
040 ## - CATALOGING SOURCE
- Original cataloging agency: NUST
- Transcribing agency: NUST
100 ## - HEADING--PERSONAL NAME
- Personal name: Dewar, George Albemarle Bertie
670 ## - SOURCE DATA FOUND
- Source citation: Work cat.: (NUST): Dewar, George Albemarle Bertie,, Sir Douglas Haig's command, December 19, 1915, to November 11, 1918,, 1922.
